00257nam a2200109Ia 4500100002000000250000600020654002600026245004300052260003200095300000800127546001200135 aHayes /John P.  a2 aComputer architecture aComputer architecture and organisation bMcGraw HillaNew yorkc1988 a702 aENGLISH